000
00361nam a2200157Ia 4500
008
151213s9999 xx 000 0 und d
100
_a
C.W.Lamb
245
_a
Marketing
_c
C.W.Lamb
250
_a
3rd
260
_a
U.S.A
_b
South Western Collage
_c
1995
300
_a
2749 p.
650
_a
Marketing
650
_a
Marketing
700
_a
C.W.Lamb
999
_c
1859
_d
1859